000 00486nam a2200145 i 4500
001 47177
003 ES-MaACL
005 20230906161521.0
007 t|
008 030404s1962 sp ||||1| spa d
245 0 0 _aConvenio colectivo sindical textil-lanero
_b: otorgado por las representaciones económicas y sociales de la provincia de Salamanca el 30 de abril de 1962.
260 _a[Salamanca] :
_bs.n.,
_c1962]
300 _a71 p. ;
_c22 cm.
852 _aES-MaACL
_jC-21621
_bR.50343
999 _c47177
_d47177